| 000 | 00428nam a2200121Ia 4500 | ||
|---|---|---|---|
| 008 | 191111s9999 xx 000 0 und d | ||
| 020 | _a9781138930094 | ||
| 245 |
_cEdited by: Hanne Norreklit.-- _aA Philosophy of management accounting : _ba pragmatic constructivist approach / |
||
| 260 |
_aUSA : _bRoutledge _c2017 |
||
| 300 | _axiii, 286 pages. | ||
| 650 | _aManagerial accounting | ||
| 650 | _aManagerial accounting -- philosophy | ||
| 999 |
_c362604 _d362604 |
||